[Event "BL2 Ost 2122 (Women)"]
[Site "Germany"]
[Date "2022.04.09"]
[Round "6.4"]
[White "Moldenhauer, Antje"]
[Black "Kuemmel, Tina"]
[Result "1-0"]
[WhiteElo "1814"]
[BlackElo "1504"]
[PlyCount "67"]
[EventDate "2021.11.27"]
[EventType "team-tourn"]
[EventRounds "7"]
[EventCountry "GER"]
[SourceTitle "EXT 2023"]
[Source "ChessBase"]
[SourceDate "2022.10.05"]
[SourceVersion "1"]
[SourceVersionDate "2022.10.05"]
[SourceQuality "1"]
[WhiteTeam "Coswig (W)"]
[BlackTeam "Merseburg (W)"]
[WhiteTeamCountry "GER"]
[BlackTeamCountry "GER"]

1. e4 e6 2. d4 d5 3. exd5 exd5 4. Qf3 Nf6 5. h3 Be7 6. Be3 Be6 7. Nd2 Nbd7 8. Bd3 c6 9. Ne2 Qc7 10. 0-0 Nf8 11. Nf4 g5 12. Nxe6 Nxe6 13. Rfe1 0-0-0 14. Bf5 Rdg8 15. b4 h5 16. Qe2 Bxb4 17. Rab1 Bd6 18. c4 dxc4 19. Nxc4 Nd7 20. d5 cxd5 21. Nxd6+ Qxd6 22. Bxa7 Rh6 23. Qb5 Qa6 24. Rec1+ Kd8 25. Qxb7 Qxb7 26. Rxb7 Rf6 27. Bd3 Ke7 28. Bb5 Rd8 29. Bb6 Nef8 30. Bxd8+ Kxd8 31. Rc6 Rxc6 32. Bxc6 d4 33. Bxd7 Nxd7 34. Rb4 1-0

[Event "Sachsen-Anhalt Landesliga B 18/19"]
[Site "Sachsen Anhalt"]
[Date "2019.04.07"]
[Round "9.2"]
[White "Sprengel, Rainer"]
[Black "Kuemmel, Tina"]
[Result "1-0"]
[WhiteElo "1835"]
[BlackElo "1625"]
[PlyCount "81"]
[EventDate "2018.09.23"]
[EventType "team-tourn"]
[EventRounds "9"]
[EventCountry "GER"]
[SourceTitle "EXT 2022"]
[Source "ChessBase"]
[SourceDate "2021.10.06"]
[SourceVersion "1"]
[SourceVersionDate "2021.10.06"]
[SourceQuality "1"]
[WhiteTeam "Halle USV III"]
[BlackTeam "Coethen Germania II"]
[WhiteTeamCountry "GER"]
[BlackTeamCountry "GER"]

1. g3 g6 2. Bg2 Bg7 3. e3 e5 4. d3 d5 5. Ne2 Ne7 6. Nd2 Be6 7. b3 e4 8. d4 c5 9. Bb2 Nbc6 10. a3 Nf5 11. c3 cxd4 12. cxd4 0-0 13. 0-0 Rc8 14. Nf4 Qb6 15. Rb1 Rc7 16. Qe2 Rfc8 17. b4 Nce7 18. Nb3 Bd7 19. Rfc1 Bb5 20. Qd2 Bc4 21. Nc5 Qb5 22. a4 Qe8 23. b5 Ba2 24. Ra1 Bc4 25. Ba3 Kh8 26. h4 Ng8 27. h5 Nf6 28. hxg6 hxg6 29. Bh3 Nd7 30. Bxf5 gxf5 31. Kg2 Nxc5 32. Bxc5 Rxc5 33. dxc5 Bxa1 34. Rxa1 Qe5 35. Rh1+ Kg8 36. Qd1 Rxc5 37. Qh5 Kf8 38. Qg5 Rc8 39. Rh6 Ke8 40. Qg8+ Kd7 41. Qxf7+ 1-0

[Event "GER-ch U18 Girls"]
[Site "Willingen"]
[Date "2017.06.07"]
[Round "6"]
[White "Kuemmel, Tina"]
[Black "Schiewe, Nadine"]
[Result "1-0"]
[WhiteElo "1536"]
[BlackElo "1432"]
[PlyCount "67"]
[EventDate "2017.06.04"]
[EventType "swiss"]
[EventRounds "9"]
[EventCountry "GER"]
[SourceTitle "CBM 178 Extra"]
[Source "ChessBase"]
[SourceDate "2017.06.22"]
[SourceVersion "1"]
[SourceVersionDate "2017.06.22"]
[SourceQuality "1"]

1. e4 e5 2. Nf3 Nc6 3. g3 g6 4. Bg2 Bg7 5. c3 d6 6. d4 exd4 7. Nxd4 Nge7 8. Be3 0-0 9. f4 f5 10. exf5 Bxf5 11. Qb3+ d5 12. Nxf5 Rxf5 13. 0-0 h6 14. Nd2 Rb8 15. Rad1 Kh7 16. Bh3 Rf8 17. Ne4 a6 18. Nc5 Rh8 19. Rfe1 Na5 20. Qa4 c6 21. Ne6 b5 22. Qc2 Qe8 23. Nxg7 Kxg7 24. Bd4+ Kg8 25. Bxh8 Kxh8 26. Re6 Qf7 27. Rde1 Nf5 28. Bxf5 Qxf5 29. Qxf5 gxf5 30. Rxh6+ Kg7 31. Ree6 Rd8 32. Rd6 Re8 33. Rhe6 Rc8 34. b4 1-0

[Event "GER-chT U14 Girls"]
[Site "Magdeburg"]
[Date "2015.12.28"]
[Round "3.2"]
[White "Mundt, Alexandra"]
[Black "Kuemmel, Tina"]
[Result "0-1"]
[WhiteElo "973"]
[BlackElo "1371"]
[PlyCount "76"]
[EventDate "2015.12.27"]
[EventType "team-swiss"]
[EventRounds "7"]
[EventCountry "GER"]
[SourceTitle "EXT 2017"]
[Source "ChessBase"]
[SourceDate "2016.10.25"]
[SourceVersion "1"]
[SourceVersionDate "2016.10.25"]
[SourceQuality "1"]
[WhiteTeam "Luebeck"]
[BlackTeam "Coethen Germania"]
[WhiteTeamCountry "GER"]
[BlackTeamCountry "GER"]

1. e4 e6 2. d4 d5 3. e5 c5 4. c3 Nc6 5. Nf3 Bd7 6. Bf4 Qb6 7. b3 cxd4 8. Nxd4 Bc5 9. Be3 Nxe5 10. Be2 Nf6 11. b4 Bxd4 12. Bxd4 Qc7 13. 0-0 Bc8 14. Re1 Ned7 15. Nd2 e5 16. Bb5 0-0 17. Bxd7 Nxd7 18. Bc5 Nxc5 19. bxc5 e4 20. Nb3 Be6 21. Qd4 Rac8 22. Re3 f5 23. f3 Rf7 24. Rc1 Rcf8 25. Rf1 f4 26. Re2 e3 27. Qb4 Qe5 28. Rc1 Bf5 29. Rd1 g5 30. Rd4 h5 31. Re1 Be6 32. Nd2 g4 33. Qb1 Qf6 34. Nf1 gxf3 35. gxf3 Qg5+ 36. Kh1 Rg7 37. Nxe3 fxe3 38. Rdd1 Qg2# 0-1

[Event "GER-chT U18 Girls"]
[Site "Karlsruhe"]
[Date "2015.05.09"]
[Round "5.1"]
[White "Kuemmel, Tina"]
[Black "Moeller, Hannah Sophie"]
[Result "1/2-1/2"]
[WhiteElo "1381"]
[BlackElo "1485"]
[PlyCount "37"]
[EventDate "2015.05.07"]
[EventType "team-swiss"]
[EventRounds "7"]
[EventCountry "GER"]
[SourceTitle "EXT 2017"]
[Source "ChessBase"]
[SourceDate "2016.10.25"]
[SourceVersion "1"]
[SourceVersionDate "2016.10.25"]
[SourceQuality "1"]
[WhiteTeam "Koethen Ludwigs (W)"]
[BlackTeam "Lingen Franziskus (W)"]
[WhiteTeamCountry "GER"]
[BlackTeamCountry "GER"]

1. Nf3 Nf6 2. g3 g6 3. Bg2 Bg7 4. 0-0 0-0 5. d3 d6 6. Nbd2 Nbd7 7. e4 c5 8. c3 Rb8 9. Qc2 b5 10. Re1 Bb7 11. Nf1 Qc7 12. Ne3 a5 13. Bd2 Rfc8 14. Rac1 c4 15. Nd4 Qc5 16. Ne2 cxd3 17. Qxd3 Ne5 18. Qc2 a4 19. Nd4 1/2-1/2

[Event "GER-chT U18 Girls"]
[Site "Karlsruhe"]
[Date "2015.05.08"]
[Round "1.1"]
[White "Kuemmel, Tina"]
[Black "Alcer, Johanna"]
[Result "1-0"]
[WhiteElo "1381"]
[BlackElo "1180"]
[PlyCount "99"]
[EventDate "2015.05.07"]
[EventType "team-swiss"]
[EventRounds "7"]
[EventCountry "GER"]
[SourceTitle "EXT 2017"]
[Source "ChessBase"]
[SourceDate "2016.10.25"]
[SourceVersion "1"]
[SourceVersionDate "2016.10.25"]
[SourceQuality "1"]
[WhiteTeam "Koethen Ludwigs (W)"]
[BlackTeam "Berlin Kollwith Gymn (W)"]
[WhiteTeamCountry "GER"]
[BlackTeamCountry "GER"]

1. Nf3 Nc6 2. g3 e5 3. d3 Bc5 4. Bg2 d6 5. 0-0 Nf6 6. Nbd2 Be6 7. e4 0-0 8. c3 Qd7 9. Qc2 Rfe8 10. Ng5 Bg4 11. a4 a6 12. Ngf3 Bh3 13. Nc4 d5 14. exd5 Nxd5 15. Re1 Bxg2 16. Kxg2 Qf5 17. Ne3 Nxe3+ 18. Bxe3 e4 19. dxe4 Qh5 20. Bxc5 Qxc5 21. Rad1 Rad8 22. h4 Qc4 23. Rxd8 Rxd8 24. b3 Qc5 25. Re3 Nd4 26. Qd2 Ne6 27. Rd3 Qe7 28. Nd4 Rd6 29. Nf5 Nf4+ 30. Qxf4 Qe6 31. Nxd6 cxd6 32. Rxd6 Qe7 33. Rd7 Qe8 34. Qc7 Qxe4+ 35. Kf1 Qb1+ 36. Ke2 Qe4+ 37. Kd2 g6 38. Qxb7 Qe6 39. Qb8+ Kg7 40. Qb7 Kf6 41. Qd5 Qe8 42. c4 Qb8 43. Qd6+ Qxd6+ 44. Rxd6+ Ke5 45. c5 f6 46. Rd3 f5 47. c6 Ke4 48. c7 f4 49. c8Q fxg3 50. Qe6+ 1-0